00438nam a2200157Ia 450000500170000000800410001704000190005804100120007708200200008910000180010924500660012726000370019330000110023065000280024185000110026920230919115035.0131103s9999 xx 000 0 und d aLoreto College aEnglish a232.93bMIR-JOH aJohnson, Ann  aMiryam of Nazarethb woman of strength & wisdom cAnn Johnson aIndianabAve Maria Presscc 1984 a122p.  aJesus Christ and family aLCLIB